00746naa#a2200193#i#4500001002300000005001700023011001400040100004100054102000700095200010900102210005100211215001000262608002700272675016500299700003300464700002200497700001900519856001400538EN\INFRA-M\bibl\10103920260513051849.3##a2305-7807##a20250425b2025####ek#y0engy0150####ca##aRU1#aMAIN TRENDS OF THE MODERN LABOR MARKET: DIGITIZATION, TALENT RETENTION, LABOR MIGRATIONeJournal article1#aMoscowcINFRA-M Academic Publishing LLC.d2025##a5 с.##aJournal article2local##aСпрос и предложение на рынке труда. Потенциал рабочих мест. Потенциал рабочей силы. 331.522#1aSuvalovagTatyana Viktorovna#1aAshurbekovgR. A.#1aSuvalovgO. S.4#azh-szf.ru